Inter Milan FIFA Club World Cup 2025 Squad - Statistics

General Stats
  • This quiz has been taken 52 times
  • The average score is 21 of 34
Answer Stats
# Position Nation Player Name % Correct
1 GK Switzerland Yann Sommer
100%
10 FW Argentina Lautaro Martínez
98%
2 MF Netherlands Denzel Dumfries
96%
9 FW France Marcus Thuram
94%
95 DF Italy Alessandro Bastoni
91%
13 GK Spain Josep Martínez
91%
23 MF Italy Nicolò Barella
87%
15 DF Italy Francesco Acerbi
85%
20 MF Turkey Hakan Çalhanoğlu
85%
32 DF Italy Federico Dimarco
81%
22 MF Armenia Henrikh Mkhitaryan
79%
36 DF Italy Matteo Darmian
79%
99 FW Iran Mehdi Taremi
79%
6 DF Netherlands Stefan de Vrij
79%
7 MF Poland Piotr Zieliński
74%
28 DF France Benjamin Pavard
72%
16 MF Italy Davide Frattesi
68%
30 DF Brazil Carlos Augusto
66%
- Coach Romania Cristian Chivu
64%
31 DF Germany Yann Bisseck
62%
21 MF Albania Kristjan Asllani
60%
59 MF Poland Nicola Zalewski
57%
11 MF Brazil Luis Henrique
47%
94 FW Italy Francesco Pio Esposito
43%
8 MF Croatia Petar Sučić
43%
70 FW Italy Sebastiano Esposito
43%
12 GK Italy Raffaele Di Gennaro
32%
45 FW Argentina Valentín Carboni
28%
42 DF Argentina Tomás Palacios
23%
49 FW Italy Giacomo de Pieri
19%
58 DF Italy Matteo Cocchi
15%
40 GK Italy Alessandro Calligaris
13%
52 MF Italy Thomas Berenbruch
13%
48 DF Italy Gabriele Re Cecconi
11%
No matching quizzes found
Score Distribution
Percent of People with Each Score
Percentile by Number Answered
Your Score History
You have not taken this quiz